| 000 | 00626nam a2200181 a 4500 | ||
|---|---|---|---|
| 001 | 000020981 | ||
| 005 | 20240409073639.0 | ||
| 008 | 100825t1958 xxu r 000 0bspa d | ||
| 040 |
_aDO-SdBNP _bspa _cBNPHU |
||
| 082 |
_a923.17293 _bT866O |
||
| 100 | 1 |
_aOrnes Coiscou, Germán E., _d1919-1998 _957814 |
|
| 245 | 1 | 0 |
_aTrujillo : _blittle Cesar of the Caribbean / _cGermán Emilio Ornes. |
| 260 |
_aNew York : _bThomas Nelson & Sons, _c1958. |
||
| 300 |
_aix, 338 p. ; _c23 cm. |
||
| 590 | _aInventariado, 2019/MFF | ||
| 600 | 1 | 0 |
_aTrujillo Molina, Rafael Leónidas, _d 1891-1961 _976764 |
| 910 | _aValidado. Control de calidad. EMS | ||
| 999 |
_c20484 _d20484 |
||